Animal Quiz - Statistics

General Stats
  • This quiz has been taken 14 times
  • The average score is 5 of 6
Answer Stats
Hint Answer % Correct
I like to roll in mud. Pig
100%
I’m the largest animal in the world. Blue Whale
85%
I’m the national animal of the United States. Eagle
85%
I am a bird that is named after a fruit and I live in New Zealand. Kiwi
85%
I live mostly in Canada. Moose
77%
I’m one of the 8 billion of these things on earth. Human
62%
No matching quizzes found
Score Distribution
Percent of People with Each Score
Percentile by Number Answered
Your Score History
You have not taken this quiz